000 00581nam a22001817a 4500
005 20251108165321.0
008 250721s1976 xx 000 0 ara d
082 1 4 _a928.2/أور
100 1 _aويليامز، ريموند
245 1 0 _aجورج أورويل /
264 1 _aبيروت :
_bالمؤسسة العربية للدراسات و النشر،
_c1976.
300 _a135ص
490 0 _aسلسلة أعلام الفكر العالمي
650 1 7 _aالأدب الإنجليزي
700 1 _aكيالي، ماهر
_eترجمة
942 _2ddc
_cBK
999 _c24931
_d24931